Pleito entre la villa de Rivas contra el monasterio de Genesvivera por la posesión de tierra

Detalles Bibliográficos
Formato: Libro
Publicado: s.l., s.f.
Materias:
Colección:Banco de datos
Acervo:Biblioteca Palafoxiana. Colección de Manuscritos
Descripción Física:9 f. ; 30.6 x 21.3 cm.
Tema general:Civil
LEADER 00395nam a22001330004500
035 |a 2140 
245 1 0 |a Pleito entre la villa de Rivas contra el monasterio de Genesvivera por la posesión de tierra 
260 |a s.l., s.f. 
300 |a 9 f. ; 30.6 x 21.3 cm. 
650 1 0 |a Civil 
949 |a 38120/011 
942 |c PALAMANU 
943 |g Biblioteca Palafoxiana. Colección de Manuscritos 
999 |c 1070085  |d 1070085